Datum a čas kvízu
14
Celkem bodů
Celkový počet nahraných bodů na tomto kvízu bez doplňovacích otázek.
1.
Pořadí na kvízu
Konečné umístění týmu na tomto kvízu.
Zaznamenané odpovědi
| # | Otázka | Odpověď | Body | Výsledky |
|---|---|---|---|---|
| 1. | Jedné z osobností, o níž se v... | Roman Prymula | 1 | |
| 2. | Na letišti v Helsinkách začali... | psi | 0 | |
| 3. | Ačkoli je tento formát celosvě... | Polda | 1 | |
| 4. | Čtenáři serveru Aktuálně.cz hl... | T-Mobile | 0 | |
| 5. | Sotva skončila slavná Tour de... | Arkéa-Samsic | 0 | |
| 6. | Podle zdroje vody se rybníky d... | říční rybník | 0 | |
| 7. | Na obrázku vidíme dravou rybu,... | candát | 0 | |
| 8. | Jak se jmenuje červeně vyznače... | Svět | 1 | |
| 9. | Většina rybníků disponuje jist... | česle / česlice | 0 | |
| 10. | Dle návrhu Štěpánka Netolickéh... | Zlatá stoka | 0 |